| 000 | 00541nam a22001937a 4500 | ||
|---|---|---|---|
| 003 | MPLRDC | ||
| 005 | 20220104195854.0 | ||
| 008 | 210129b ||||| |||| 00| 0 eng d | ||
| 020 | _a978-957-32-7108-6 | ||
| 082 | _a873.57 CHR-2 v.5 | ||
| 100 | _a阿嘉莎.克莉丝蒂 AGATHA CHRISTIE | ||
| 245 |
_a撒旦的情歌 _c吴妍仪 译 |
||
| 250 | _a初版一刷 | ||
| 260 |
_a台湾 _b远流出版事业股份有限公司 _c2013 |
||
| 300 | _b平 | ||
| 490 | _a心之罪系列 5 | ||
| 650 | _a英国文学 | ||
| 942 |
_cBK _o873.57 CHR-2 v.5 |
||
| 999 |
_c66398 _d66388 |
||